000 00681nam a22002057a 4500
005 20251108164356.0
008 250721s1991 xx 000 0 ara d
082 1 4 _a413/علي
100 1 _aحمزة، أبو القاسم ... علي
245 1 0 _aبقية التنبيهات على أغلاط الرواة /
264 1 _aبغداد :
_bدار الشؤون الثقافية العامة،
_c1991.
300 _a222ص.
490 0 _aخزانة التراث
650 1 7 _aاللغة العربية
650 1 7 _aالإسلام
650 1 7 _aالحديث الشريف
700 1 _aالعطية، خليل إبراهيم
_eتحقيق
942 _2ddc
_cREF
999 _c10619
_d10619